| 000 | 01044nam a22003252 4500 | ||
|---|---|---|---|
| 999 |
_c200447238 _d65450 |
||
| 001 | 012979683 | ||
| 003 | UkOxU | ||
| 005 | 20220707172943.0 | ||
| 007 | ta | ||
| 008 | 820212s1956 enka 000 0 eng d | ||
| 015 | _aGB56-13721 | ||
| 035 | _aOCLC ocm08152943 from D971118M | ||
| 040 |
_aPLF _beng _erda _cPLF _dUKM _dEQO _dTR-AnTOB |
||
| 041 | 0 | _aeng | |
| 050 | 0 | 4 |
_aTS967 _b.W66 1956 |
| 090 |
_aTS967 _b.W66 1956 |
||
| 100 | 1 |
_aWoodroffe, David, _d1892- _eauthor _9135419 |
|
| 245 | 1 | 0 |
_aA Handbook on chrome tanning / _cby D. Woodroffe. |
| 264 | 1 |
_aTeignmouth, Eng. : _bQuality Books, _c[1956] |
|
| 300 |
_a187 pages (page [188]-215 advertisements) : _billustrations ; _c22 cm |
||
| 336 |
_atext _btxt _2rdacontent |
||
| 337 |
_aunmediated _bn _2rdamedia |
||
| 338 |
_avolume _bnc _2rdacarrier |
||
| 650 | 0 |
_aTanning _vHandbooks, manuals, etc. _9135422 |
|
| 740 | 0 | 1 | _aChrome tanning |
| 942 |
_2lcc _cBK |
||